Memorie scelte /
Guardado en:
| Autor Principal: | |
|---|---|
| Formato: | Libro |
| Idioma: | Italian |
| Publicado: |
Bologna :
C. Zuffi,
1950-
|
| Materias: | |
| Etiquetas: |
Agregar Etiqueta
Sin Etiquetas, Sea el primero en etiquetar este registro!
|
| LEADER | 00794cam a22002171a 4500 | ||
|---|---|---|---|
| 001 | MAT.inmabb005566 | ||
| 008 | 870929m19509999it#c#####b####000#0#ita## | ||
| 005 | 20170823155423.0 | ||
| 245 | 1 | 0 | |a Memorie scelte / |c A cura di Beniamino Segre. |
| 260 | |a Bologna : |b C. Zuffi, |c 1950- | ||
| 300 | |a v. <1 > : |b retr. ; |c 25 cm. | ||
| 500 | |a Cabecera de portada: Comitato nazionale per le onoranze a Francesco Severi. | ||
| 504 | |a "Elenco cronologico delle pubblicazioni fino a tutto il 1949": v. 1, p. [vii]-xx. | ||
| 505 | 1 | |a v. 1. Geometria iperspaziale e numerativa. | |
| 510 | 4 | |a MR, |c MR0038303 | |
| 100 | 1 | |a Severi, Francesco, |d 1879-1961. | |
| 650 | 0 | |a Mathematics. | |
| 084 | |a 01.0X |2 MR | ||
| 010 | |a 51019653 | ||
| 040 | |a DLC/ICU |c ICU |d DLC | ||
| 859 | |h 01 |i Se498 |p A-2749 |v 1 |3 Vol. I |b BIB. MATEMATICA | ||
